Statistics for Complete the Movie Title (2005)

Click here to take the quiz!

General Stats

  • This quiz has been taken 74 times
  • The average score is 21 of 25

Answer Stats

HintAnswer% Correct
Charlie and the Chocolate _______Factory
100%
A Series of Unfortunate ______Events
99%
Harry Potter and the ______ of FireGoblet
99%
The Phantom of the _____Opera
99%
Million Dollar ____Baby
96%
_______ LittleChicken
96%
_______ CrashersWedding
96%
Star Wars: Episode III - Revenge of the ____Sith
93%
The 40-Year-Old ______Virgin
93%
The Longest ____Yard
93%
Wallace & Gromit: The Curse of the ___________Were-Rabbit
87%
War of the ______Worlds
87%
Four ________Brothers
84%
The Hitchhiker’s Guide to the ______Galaxy
82%
Beauty ____Shop
82%
The ________ of Emily RoseExorcism
81%
The _____ of HazzardDukes
79%
March of the ________Penguins
79%
The ________ KeySkeleton
79%
Kingdom of ______Heaven
75%
The Sisterhood of the Traveling _____Pants
75%
House of ___Wax
75%
Racing _______Stripes
73%
The Constant _______Gardner
69%
_______-in-LawMonster
57%

Score Distribution

Percentile by Number Answered

Percent of People with Each Score

Your Score History

You have not taken this quiz